000
00318nam a2200109Ia 4500
008
200302s9999 xx 000 0 und d
100
_a
Robyn Beaver
245
_a
The Master Architect Series Altoon + Porter Architects : Selectred Current Works
260
_b
Images Publishing, Austraila
260
_c
2006
300
_a
256
999
_c
4542
_d
4542